|
|
|
|
| LEADER |
00000naa a2200000 ar4500 |
| 001 |
vtls008944954 |
| 003 |
SK-MaSNL |
| 005 |
20260318123055.0 |
| 008 |
070212e2005 xo | |ab |||| ||hun |
| 015 |
|
|
|a SNBRA2007/02
|2 snkbucl
|
| 038 |
|
|
|a SNKBUCL
|
| 040 |
|
|
|a SNKBUCL
|b slo
|c SNKBUCL
|e AACR2
|
| 041 |
0 |
|
|a hun
|b slo
|
| 044 |
|
|
|a xo
|c SK
|
| 080 |
|
|
|a 94(439.2)
|x "170/171"
|2 1997
|
| 080 |
|
|
|a 070
|x (430)
|x "170/171"
|2 1997
|
| 080 |
|
|
|a 050
|x (430)
|x "170/171"
|2 1997
|
| 100 |
1 |
|
|a Etényi Nóra, G.
|4 aut
|9 828244
|
| 245 |
1 |
0 |
|a A Rákóczi-szabadságharc a német nyomtatott sajtóban
|c G. Etényi Nóra
|
| 500 |
|
|
|a Poznámky pod čiarou
|
| 504 |
|
|
|a Literatúra
|
| 546 |
|
|
|a Res. slov.
|
| 648 |
|
7 |
|a 18. stor.
|2 snkbucl
|9 283423
|
| 648 |
|
7 |
|a 1703-1711
|2 snkbucl
|9 424871
|
| 650 |
0 |
7 |
|a protihabsburské povstania
|2 snkbucl
|9 70378
|
| 650 |
0 |
7 |
|a Rákociho povstanie (1703-1711 : Maďarsko a Sedmihradsko)
|2 snkbucl
|9 98303
|
| 650 |
0 |
7 |
|a nemecká tlač
|2 snkbucl
|9 717329
|
| 651 |
|
7 |
|a Uhorsko
|x dejiny
|y 18. stor
|2 snkbucl
|9 411699
|
| 773 |
0 |
|
|t Povstanie Františka II. Rákociho 1703-1711 (v novšom priblížení) = Rákóczi-szabadságharc 1703-1711 (újabb megközelítésben)
|d Prešov : Prešovská univerzita, 2005
|g S. 234-246
|z 8080684022
|
| 852 |
|
|
|a SNK
|b KIS3GCP
|
| 958 |
|
|
|a DE
|
| 958 |
|
|
|a NB
|
| 958 |
|
|
|a HU
|
| 999 |
|
|
|c 1334839
|d 1336769
|